Catálogo público

Historia general de las cosas de Nueva España (Record no. 43521)

MARC details
000 -CABECERA
campo de control de longitud fija 01251nam a22003497a 4500
003 - IDENTIFICADOR DEL NÚMERO DE CONTROL
campo de control CHAP
005 - FECHA Y HORA DE LA ÚLTIMA TRANSACCIÓN
campo de control 20220817042411.0
008 - DATOS DE LONGITUD FIJA--INFORMACIÓN GENERAL
campo de control de longitud fija 971013s1956 r 00010 d
010 ## - NÚMERO DE CONTROL DE LA BIBLIOTECA DEL CONGRESO
Número de control de LC 43521
011 ## - ENLACE DEL NUMERO DE CONTROL DE LA BIBLIOTECA DEL CONGRESO [OBSOLETO]
Número de control de LC 44493
035 ## - NÚMERO DE CONTROL DEL SISTEMA
Número de control de sistema 48631
040 ## - FUENTE DE LA CATALOGACIÓN
Centro/agencia transcriptor CHAP
082 ## - NÚMERO DE LA CLASIFICACIÓN DECIMAL DEWEY
Número de clasificación 972.02
Número de documento/Ítem S34 1956
100 00 - ENTRADA PRINCIPAL--NOMBRE DE PERSONA
Nombre de persona Sahagún, Bernardino de.
9 (RLIN) 101197
245 ## - MENCIÓN DE TÍTULO
Título Historia general de las cosas de Nueva España
260 ## - PUBLICACIÓN, DISTRIBUCIÓN, ETC.
Lugar de publicación, distribución, etc. México, D.F. :
Nombre del editor, distribuidor, etc. Porrúa,
Fecha de publicación, distribución, etc. 1956
300 ## - DESCRIPCIÓN FÍSICA
Extensión 5v
Otras características físicas : ilus.
500 ## - NOTA GENERAL
Nota general v.5 Incluye láminas del Códice Florentino
590 ## - NOTA LOCAL (RLIN)
Nota local BATCH-UPD
Procedencia (VM) [OBSOLETO] 10
Condición del los carretes individuales (VM) [OBSOLETO] 20130110
-- UCH01
-- 2002
590 ## - NOTA LOCAL (RLIN)
Nota local BATCH-UPD
Procedencia (VM) [OBSOLETO] 10
Condición del los carretes individuales (VM) [OBSOLETO] 20130410
-- UCH01
-- 1322
590 ## - NOTA LOCAL (RLIN)
Nota local BATCH-UPD
Procedencia (VM) [OBSOLETO] 10
Condición del los carretes individuales (VM) [OBSOLETO] 20130914
-- UCH01
-- 1632
590 ## - NOTA LOCAL (RLIN)
Nota local CONVERSION
Procedencia (VM) [OBSOLETO] 10
Condición del los carretes individuales (VM) [OBSOLETO] 20130109
-- UCH01
-- 1324
650 14 - PUNTO DE ACCESO ADICIONAL DE MATERIA--TÉRMINO DE MATERIA
Término de materia o nombre geográfico como elemento de entrada Indios de México.
650 14 - PUNTO DE ACCESO ADICIONAL DE MATERIA--TÉRMINO DE MATERIA
Término de materia o nombre geográfico como elemento de entrada México
Subdivisión general Historia
-- Conquista.
9 (RLIN) 76756
901 ## - ELEMENTOS DE DATOS A LOCAL LDA (RLIN)
a BK
942 ## - ELEMENTOS DE PUNTO DE ACCESO ADICIONAL (KOHA)
Tipo de ítem Koha Libro
949 ## - PROCESAMIENTO DE INFORMACIÓN LOCAL (OCLC)
a 972.02 S34 1956
b BC
c ESP
d -110030
e ESP
f v.2
h 25846
i 48631
s i
949 ## - PROCESAMIENTO DE INFORMACIÓN LOCAL (OCLC)
a 972.02 S34 1956
b BC
c ESP
d -110031
e ESP
f v.3
h 25847
i 48631
s i
949 ## - PROCESAMIENTO DE INFORMACIÓN LOCAL (OCLC)
a 972.02 S34 1956
b BC
c ESP
d -110032
e ESP
f v.4
h 25848
i 48631
s i
949 ## - PROCESAMIENTO DE INFORMACIÓN LOCAL (OCLC)
a 972.02 S34 1956
b BC
c ESP
d -110033
e ESP
f v.5
h 78474
i 48631
s i
949 ## - PROCESAMIENTO DE INFORMACIÓN LOCAL (OCLC)
a 972.02 S34 1956
b BC
c LIBRO
d -110028
e ESP
f v.1
h 25845
i 48631
s i
Holdings
Estado de retiro Estado de pérdida Fuente del sistema de clasificación o colocación Estado dañado Restricciones de uso No para préstamo Código de colección Localización permanente Ubicación/localización actual Ubicación en estantería Fecha de adquisición Información codificada de la localización en otra ubicación Total de préstamos Signatura topográfica completa Código de barras Fecha visto por última vez Número de copia Precio válido a partir de Tipo de ítem Koha
    Dewey Decimal Classification   Préstamo interno   Especial Biblioteca Central Biblioteca Central Planta alta - Área de Tesis - Especial 31/12/2019 LIBRO   972.02 S34 1956 33724002487389 31/12/2019 v.1 31/12/2019 Libro
    Dewey Decimal Classification   Préstamo interno   Especial Biblioteca Central Biblioteca Central Planta alta - Área de Tesis - Especial 31/12/2019 LIBRO   972.02 S34 1956 33724002487462 31/12/2019 v.2 31/12/2019 Libro
    Dewey Decimal Classification   Préstamo interno   Especial Biblioteca Central Biblioteca Central Planta alta - Área de Tesis - Especial 31/12/2019 LIBRO   972.02 S34 1956 33724002487504 31/12/2019 v.3 31/12/2019 Libro
    Dewey Decimal Classification   Préstamo interno   Especial Biblioteca Central Biblioteca Central Planta alta - Área de Tesis - Especial 31/12/2019 LIBRO   972.02 S34 1956 33724002487545 31/12/2019 v.4 31/12/2019 Libro
    Dewey Decimal Classification   Préstamo interno   Especial Biblioteca Central Biblioteca Central Planta alta - Área de Tesis - Especial 31/12/2019 LIBRO   972.02 S34 1956 33724002496363 31/12/2019 v.5 31/12/2019 Libro